书目信息 |
| 题名: |
社会主义商品经济简论
|
|
| 作者: | 李有志 主编 | |
| 分册: | ||
| 出版信息: | 哈尔滨 黑龙江科学技术出版社 1989.4 |
|
| 页数: | 259页 | |
| 开本: | 19厘米 | |
| 丛书名: | ||
| 单 册: | ||
| 中图分类: | F045 | |
| 科图分类: | 27.2765 | |
| 主题词: | 社会主义政治经济学-商品经济 , 商品经济-社会主义政治经济学 | |
| 电子资源: | ||
| ISBN: | 7-5388-0697-0 | |
| 000 | 00797nam0 2200253 45 | |
| 001 | 0189013487 | |
| 005 | 20070723162504.89 | |
| 010 | @a7-5388-0697-0@dCNY2.60 | |
| 020 | @aCN@b89013487 | |
| 100 | @a19910304d1989 m y0chiy0120 ea | |
| 101 | 0 | @achi |
| 102 | @aCN@b230000 | |
| 105 | @ay z 000yy | |
| 200 | 10 | @a社会主义商品经济简论@Ashe hui zhu yi shang pin jing ji jian lun@f李有志主编@Fli you zhi zhu bian |
| 210 | @a哈尔滨@c黑龙江科学技术出版社@d1989.4 | |
| 215 | @a259页@d19厘米 | |
| 540 | 1 | @a社会主义 商品经济@Ashe hui zhu yi shang pin jing ji |
| 606 | @a社会主义政治经济学-商品经济 | |
| 606 | @a商品经济-社会主义政治经济学 | |
| 690 | @aF045@v1980 | |
| 692 | @a27.2765@v1974 | |
| 701 | 0 | @a李有志@Ali you zhi@4主编 |
| 801 | 0 | @aCN@bTSSF@c20070723 |
| 905 | @a10447@dF045@e113 | |
| 社会主义商品经济简论/李有志主编.-哈尔滨:黑龙江科学技术出版社,1989.4 |
| 259页;19厘米 |
| ISBN 7-5388-0697-0:CNY2.60 |
| ● |
| 相关链接 |
|
|
|
|
正题名:社会主义商品经济简论
索取号:F045/113
 
预约/预借
| 序号 | 登录号 | 条形码 | 馆藏地/架位号 | 状态 | 备注 |
| 1 | 0770112 | 207701129 | 第一样本阅览室/ [索取号:F045/113] | 在馆 |